Powiaty województwa gdańskiego w 1968 roku na mapie - Statystyki

Ogólne statystyki
  • Ten quiz został rozwiązany 36 razy
    21 od ostatniego zresetowania
  • Średni wynik to 18 z 18
Odpowiedzi na mapie
Odpowiedzi zakodowano w zielono-czerwonej skali na mapie do tego quizu, zgodnie z poniższymi procentami.
 
Statystyki odpowiedzi
Powiat % Poprawnych
elbląski
100%
gdański
100%
kartuski
100%
kwidzyński
100%
lęborski
100%
malborski
100%
Miasto {Elbląg}
100%
Miasto {Gdańsk}
100%
Miasto {Gdynia}
100%
Miasto {Sopot}
100%
Miasto {Tczew}
100%
pucki
100%
tczewski
100%
wejherowski
100%
nowodworski
95%
sztumski
95%
kościerski
89%
starogardzki
84%
Nie znaleziono quizów pasujących do podanych kryteriów
Rozkład punktacji
Procent ludzi z każdym wynikiem
Percentyl według liczby udzielonych odpowiedzi
Twoja historia wyników
Nie rozwiązałeś tego quizu od ostatniego zresetowania